000 01066cam a22003377a 4500
003 CHAP
005 20220329134615.0
008 971013c19751949 r 00010 d
010 _a22941
011 _a23913
035 _a28010
040 _cCHAP
082 _a575.1
_bD8
100 0 0 _aDunn, Leslie Clarence.
_934502
245 0 _aHerencia, raza y sociedad
260 _aMéxico, D.F. :
_bFondo de Cultura Económica,
_c1975 (c.1949)
300 _a157 p.
490 0 _aBreviarios
_v; 8
590 _aBATCH-UPD
_b10
_c20130110
_lUCH01
_h0045
590 _aBATCH-UPD
_b10
_c20130110
_lUCH01
_h1113
590 _aCONVERSION
_b10
_c20130109
_lUCH01
_h1313
650 1 4 _aHerencia humana.
_953728
650 1 4 _aRazas.
_994877
700 0 _aDobzhansky, Theodosius.
_933148
830 0 _aBreviarios
_v; 8
_915273
901 _aBK
942 _cLIBRO
949 _a575.1 D8
_bBC
_cLIBRO
_d-64648
_eLIBRO
_fc.2
_h47059
_i28010
_si
949 _a575.1 D8
_bBC
_cLIBRO
_d-64649
_eLIBRO
_fc.3
_h47060
_i28010
_si
949 _a575.1 D8
_bBC
_cLIBRO
_d33724000396925
_eLIBRO
_h47058
_i28010
_si
999 _c22941
_d22941